000 00699nam a2200241Ia 4500
003 OSt
005 20221005122247.0
006 a|||||r|||| 00| 0
007 ta
008 221004b |||||||| |||| 00| 0 eng d
024 _a66555
037 _cTextual
040 _aCRL
_cCRL
_beng
041 _2eng
_aeng
082 _aV52:1903:N1, G4
100 _aGlanville James Linus
_9631728
245 0 _aItaly's relations with England 1896-1905
260 _c1934
490 _aJohns Hopkins University studies in historical and political sceience serires; 52, 1
650 _aHISTORY
942 _hV52:1903:N1, G4
_cTEXL
_2cc
999 _c1043766
_d1043766